000
00210 a2200097 4500
001
14141
100
_a
Rothschild G.D
245
_a
The whims of fortune
260
_a
London
_b
Granada
_c
090
_c
11085
_d
11085
942
_a
NUST-CAE
_c
M
_c
1209
999
_c
249214
_d
249214